| 000 | 00743cam a2200253 a 4500 | ||
|---|---|---|---|
| 001 | 000009218 | ||
| 005 | 20200929161524.0 | ||
| 008 | 921103s1991 sp 000 f spa d | ||
| 020 | _a8439717768 | ||
| 040 |
_aDO-SdBNP _bspa _cInLP _dKWiU _dDLC _dBNPHU |
||
| 082 |
_aU863.44 _bO58j |
||
| 100 | 1 |
_aOnetti, Juan Carlos, _d1909-1994 _923877 |
|
| 245 | 1 | 0 |
_aJuntacadáveres / _cJuan Carlos Onetti. |
| 260 |
_aMadrid : _bMondadori, _c1991. |
||
| 300 |
_a187 p. ; _c23 cm. |
||
| 490 | 1 | _aNarrativa Mondadori | |
| 650 | 4 |
_aNovela uruguaya _95679 |
|
| 650 | 4 |
_aLiteratura uruguaya _93054 |
|
| 650 | 4 |
_aDelincuentes _xNovela _923903 |
|
| 830 | 0 |
_aNarrativa Mondadori _921246 |
|
| 910 | _aCatalogación por copia / LC | ||
| 910 | _aWM | ||
| 049 | _aBNGR | ||
| 999 |
_c8981 _d8981 |
||